000 00748nam a2200205 a 4500
008 060316s1995 ||||||||||||||||| || u
020 _a0582236312
020 _a0470234997
050 _aTA 710 Whi
100 _aWhitlow, R. (Roy), 1932-
245 1 0 _aBasic soil mechanics. (3rd ed.)
250 _a3rd ed.
260 _aHarlow, Essex, England : ;New York :
_bLongman Scientific & Technical Wiley
_c1995.
300 _axxi, 559 p. : ill.
350 _a0.00
500 _aIncludes bibliographical references 
650 _aSOIL MECHANICS
650 _aSOIL MECHANICS--DATA PROCESSING
995 _D0.00
_FCBU-MAIN LIBRARY (Kitwe)
_H1
_I0.00
_UAVAILABLE
_ZMain Library Open Access Collection
999 _c35615
_d35615